100 Largest Cities In The World - Statistics

General Stats
  • This quiz has been taken 118 times
  • The average score is 66 of 100
Answer Stats
Rank Population Country City % Correct
7. 22,752,400 Mexico Mexico City
99%
1. 37,036,200 Japan Tokyo
99%
55. 7,768,510 Hong Kong Hong Kong
98%
6. 22,990,000 Brazil Sao Paulo
98%
3. 30,482,100 China Shanghai
98%
8. 22,596,500 China Beijing
96%
5. 23,074,200 Egypt Cairo
96%
2. 34,665,600 India Delhi
96%
25. 12,737,400 Russia Moscow
96%
35. 10,025,800 South Korea Seoul
96%
30. 11,391,700 Thailand Bangkok
95%
15. 16,236,700 Turkey Istanbul
95%
9. 22,089,000 India Mumbai
95%
31. 11,346,800 France Paris
95%
23. 13,923,200 Brazil Rio de Janeiro
95%
17. 15,752,300 Argentina Buenos Aires
94%
37. 9,840,740 United Kingdom London
94%
10. 18,921,600 Japan Osaka
94%
29. 11,517,300 Peru Lima
93%
66. 6,157,270 Singapore Singapore
93%
28. 11,634,100 Indonesia Jakarta
92%
59. 6,810,530 Spain Madrid
92%
61. 6,491,290 Canada Toronto
92%
18. 15,230,600 Philippines Manila
90%
52. 7,936,530 United States New York City
90%
27. 11,795,800 Colombia Bogota
89%
14. 17,156,400 Nigeria Lagos
89%
49. 8,141,120 Iraq Baghdad
88%
62. 6,444,580 South Africa Johannesburg
88%
43. 9,000,280 Malaysia Kuala Lumpur
88%
74. 5,733,250 Spain Barcelona
87%
39. 9,729,740 Iran Tehran
87%
38. 9,816,320 Vietnam Ho Chi Minh City
86%
86. 5,063,580 South Africa Cape Town
85%
4. 24,652,900 Bangladesh Dhaka
85%
76. 5,602,200 Vietnam Hanoi
85%
13. 17,778,500 DR Congo Kinshasa
85%
83. 5,248,790 Australia Sydney
85%
51. 7,952,860 Saudi Arabia Riyadh
83%
19. 14,878,700 China Guangzhou
82%
77. 5,597,340 Russia St. Petersburg
82%
12. 18,076,800 Pakistan Karachi
79%
73. 5,766,990 Kenya Nairobi
79%
79. 5,550,490 Turkey Ankara
76%
22. 14,395,400 India Bangalore
76%
58. 6,999,460 Chile Santiago
76%
72. 5,807,050 Egypt Alexandria
75%
91. 4,877,020 Afghanistan Kabul
75%
34. 10,027,900 Angola Luanda
75%
60. 6,754,180 Sudan Khartoum
74%
20. 14,825,800 Pakistan Lahore
74%
97. 4,568,530 Israel Tel Aviv
73%
44. 8,986,480 China Wuhan
73%
70. 5,956,680 Ethiopia Addis Ababa
71%
81. 5,391,890 Australia Melbourne
71%
88. 4,990,930 Brazil Brasilia
69%
24. 13,545,400 China Shenzhen
68%
26. 12,336,000 India Chennai
67%
11. 18,171,200 China Chongqing
67%
48. 8,561,520 Tanzania Dar es Salaam
67%
32. 11,337,900 India Hyderabad
65%
78. 5,578,580 Mexico Guadalajara
64%
41. 9,222,080 China Xi'an
63%
40. 9,534,790 Japan Nagoya
61%
82. 5,272,360 Mexico Monterrey
60%
63. 6,351,680 Brazil Belo Horizonte
57%
36. 9,998,870 China Chengdu
55%
33. 10,174,900 China Nanjing
52%
42. 9,061,820 India Ahmedabad
51%
21. 14,704,100 China Tianjin
51%
92. 4,854,260 Cameroon Yaounde
50%
56. 7,525,720 India Pune
48%
71. 5,813,190 Myanmar Yangon
48%
69. 6,056,880 Ivory Coast Abidjan
46%
96. 4,645,320 Nigeria Kano
46%
46. 8,591,040 China Hangzhou
44%
100. 4,411,110 India Jaipur
44%
80. 5,465,920 Japan Fukuoka
42%
75. 5,653,490 Bangladesh Chittagong
39%
84. 5,132,170 China Urumqi
38%
50. 7,974,270 China Shenyang
37%
47. 8,581,730 India Surat
37%
85. 5,128,270 China Changsha
33%
89. 4,955,680 China Kunming
32%
67. 6,156,140 China Zhengzhou
32%
65. 6,217,970 China Qingdao
31%
93. 4,830,170 China Hefei
30%
64. 6,347,380 China Dalian
29%
94. 4,770,300 China Ningbo
24%
95. 4,737,590 China Shantou
21%
90. 4,891,020 China Changchun
19%
98. 4,563,850 Taiwan New Taipei
19%
45. 8,592,820 China Suzhou
15%
16. 15,845,200 India Kolkota
14%
54. 7,772,860 China Dongguan
13%
53. 7,817,160 China Foshan
11%
87. 5,021,600 Saudi Arabia Jiddah
8%
57. 7,066,860 China Haerbin
1%
68. 6,065,850 China Ji nan Shandong
0%
99. 4,534,990 China Shijazhuang
0%
No matching quizzes found
Score Distribution
Percent of People with Each Score
Percentile by Number Answered
Your Score History
You have not taken this quiz